000 00504nam a2200157Ia 4500
008 151213s9999 xx 000 0 und d
020 _a984-412-450-6
100 _aআল মাহমুদ।
245 _aনা কোন শূন্যতা মানি না।
_cআল মাহমুদ।
260 _aঢাকা
_bঅনন্যা
_c2005
300 _a8532 p.
650 _aBengali Literature
650 _aBengali Literature
700 _aআল মাহমুদ।
999 _c4369
_d4369